Cartilla educativa para Río Blanco (Registro nro. 4800)

Detalles MARC
000 -CABECERA
Campo de control 01695nam a2200241 a 4500
005 - FECHA Y HORA DE LA ULTIMA TRANSACCION
Campo de control 20200104041553.0
008 - ELEMENTOS DE LONGITUD FIJA—INFORMACION GENERAL
Campo de control 141201b xxu||||| |||| 00| 0 spa d
040 ## - FUENTE DE CATALOGACIÓN
Agencia transcriptora CO-BoIH
041 ## - IDIOMA
Código de idioma para texto/pista de sonido o título separado Español
090 ## - CLASIFICACIÓN LOCAL
Colección IAVH
Consecutivo 00433
100 ## - ASIENTO PRINCIPAL--NOMBRE PERSONAL
Nombre personal Devenish, Christian
245 ## - MENCION DE TITULO
Título Cartilla educativa para Río Blanco
Parte restante del título informe final
260 ## - PUBLICACION, DISTRIBUCION, ETC. (PIE DE IMPRENTA)
Lugar de publicación, distribución, etc. Manizales
Nombre del editor, distribuidor, etc. Instituto Alexander von Humboldt
-- Cotinga
-- Fundación Ecológica Grabriel Arango Restrepo
Fecha de publicación, distribución, etc. 2005
300 ## - DESCRIPCION FISICA
Extensión 41 p.
520 ## - NOTA DE RESUMEN, ETC.
Nota de resumen La educación ambiental tiene por finalidad crear interés en la historia natural y en la conservación, y provocar cambios de opinión. El proyecto tuvo como resultado: 1) la publicación de material pedagógico, por medio de una herramienta práctica y útil en forma de un libro de actividades, fichas informativas, hojas de trabajo, reseñas y dibujos de aves amenazadas y más comunes de la Reserva Hidrográfica, Forestal y Parque Ecológico Río Blanco, localizada a 3 km del casco urbano de Manizales, departamento de Caldas, y un DC con los cantos de las avés de la Reserva; 2) la sensibilización de estudiantes y usuarios de la Reserva sobre la importancia de la conservación de la biodiversidad; 3) la participación de docentes y estudiantes en la elaboración del libro; 4) una herramienta de educación ambiental. El desarrollo del proyecto coincidió con la conmemoración de los primeros cien años de existencia de la Reserva
650 ## - ASIENTO SECUNDARIO DE MATERIA - TERMINO TEMATICO
Término temático o nombre geográfico como elemento de entrada Educación ambiental
650 ## - ASIENTO SECUNDARIO DE MATERIA - TERMINO TEMATICO
Término temático o nombre geográfico como elemento de entrada Ornitología
650 ## - ASIENTO SECUNDARIO DE MATERIA - TERMINO TEMATICO
Término temático o nombre geográfico como elemento de entrada Biología de la conservación
650 ## - ASIENTO SECUNDARIO DE MATERIA - TERMINO TEMATICO
Término temático o nombre geográfico como elemento de entrada Especies amenazadas
700 ## - ASIENTO SECUNDARIO - NOMBRE PERSONAL
Nombre personal Arzuza Buelvas, Diana
942 ## - ELEMENTOS ADICIONALES (KOHA)
Tipo de ítem Informe Técnico
Sistema de clasificación Local
945 ## - PROCESAMIENTO LOCAL
AAAA-MM-DD - Fecha de ingreso o modificacion 2005-11-11
Existencias
Withdrawn status Lost status Sistema de Clasificación Damaged status No para préstamo Colección Inventariado Ubicación Permanente Ubicación actual Fecha de adquisición Fuente de Valor Total Checkouts Número topográfico Inventario / Código de Barras Date last seen Ejemplar Price effective from Forma de adquisición Tipo de material
    Local     Humboldt Inventariado 2017 Villa de Leyva Villa de Leyva 15/11/2005 CID Humboldt   IAVH-00433 022245 09/08/2024 Ej. 2 04/12/2012   Informe Técnico